Central Library OPAC University of Rajshahi

Socialism, capitalism and economic growth : (Record no. 3432)

MARC details
000 -LEADER
fixed length control field 00977cam a22003131i 4500
001 - CONTROL NUMBER
control field 3432
003 - CONTROL NUMBER IDENTIFIER
rucl marc code BD-RjUL
005 - DATE AND TIME OF LATEST TRANSACTION
control field 20211208233729.0
008 - FIXED-LENGTH DATA ELEMENTS--GENERAL INFORMATION
fixed length control field 160621s1967 enkac b 011 0deng
035 ## - SYSTEM CONTROL NUMBER
System control number (BD-RjUL)3466
System control number (OCoLC)ocm00230009
System control number (BD-RjUL)
System control number (NNC)2470575
040 ## - CATALOGING SOURCE
Modifying agency UPvMRC
Original cataloging agency BD-RjUL
Language of cataloging eng
Transcribing agency BD-RjUL
041 ## - LANGUAGE CODE
Language code of text/sound track or separate title eng
082 ## - DEWEY DECIMAL CLASSIFICATION NUMBER
Classification number 338.9
Author mark and year SOC 1967
090 ## - LOCALLY ASSIGNED LC-TYPE CALL NUMBER (OCLC); LOCAL CALL NUMBER (OCLC)
Classification number (OCLC) (R) ; Classification number, CALL (RLIN) (NR) HD82
Local cutter number (OCLC) ; Book number/undivided call number, CALL (RLIN) .S583
245 00 - TITLE STATEMENT
Title Socialism, capitalism and economic growth :
Remainder of title essays presented to Maurice Dobb /
Statement of responsibility, etc. edited by C.H. Feinstein.
260 ## - PUBLICATION, DISTRIBUTION, ETC. (IMPRINT)
Place of publication, distribution, etc. London :
Name of publisher, distributor, etc. Cambridge U.P.,
Date of publication, distribution, etc. 1967.
300 ## - PHYSICAL DESCRIPTION
Pagination x, 367 p. :
Illustrations ill. ;
Size 24 cm.
500 ## - GENERAL NOTE
General note Includes index.
504 ## - BIBLIOGRAPHY, ETC. NOTE
Bibliography, etc "A bibliography of the works of Maurice Dobb" (p. 351-360).
650 #0 - SUBJECT ADDED ENTRY--TOPICAL TERM
Topical term or geographic name as entry element Economic development.
9 (RLIN) 10783
Topical term or geographic name as entry element Economic policy.
9 (RLIN) 10784
700 1# - ADDED ENTRY--PERSONAL NAME
Personal name Dobb, Maurice,
Dates associated with a name 1900-1976.
Personal name Feinstein, C. H.,
Relator term editor.
942 ## - ADDED ENTRY ELEMENTS (KOHA)
Source of classification or shelving scheme Dewey Decimal Classification
Koha item type Books
Holdings
Lost status Source of classification or shelving scheme Damaged status Not for loan Collection code Permanent Location Current Location Shelving location Date acquired Source of acquisition Cost, normal purchase price Total Checkouts Full call number Date last seen Copy number Koha item type
  Dewey Decimal Classification     Non-fiction Central Library, University of Rajshahi Central Library, University of Rajshahi   07/01/1970 Zeitlinger 0.45   338.9 SOC 1967 19/12/2013 C-3 Books
  Dewey Decimal Classification     Non-fiction Central Library, University of Rajshahi Central Library, University of Rajshahi   07/01/1970 Zeithlinger 45.00   338.9 SOC 1967 21/06/2016 C-2 Books
  Dewey Decimal Classification     Non-fiction Central Library, University of Rajshahi Central Library, University of Rajshahi   07/01/1970 Zeithlinger 45.00   338.9 SOC 1967 21/06/2016 C-4 Books
  Dewey Decimal Classification     Non-fiction Central Library, University of Rajshahi Central Library, University of Rajshahi   07/01/1970 Zeithlinger 45.00   338.9 SOC 1967 21/06/2016 C-5 Books
  Dewey Decimal Classification     Non-fiction Central Library, University of Rajshahi Central Library, University of Rajshahi   07/01/1970 zeitlinger 45.00   338.9 SOC 1967 05/09/2016 C-6 Books
  Dewey Decimal Classification   Not For Loan Non-fiction Central Library, University of Rajshahi Central Library, University of Rajshahi Reading Room 29/04/1989 Book center 33.75   338.9 SOC 1967 19/12/2016 C-1 Books